[Event "SVK-ch U14"]
[Site "Tatralandia"]
[Date "2025.05.17"]
[Round "8"]
[White "Dubjel, Gregor"]
[Black "Binovec, Lukas"]
[Result "0-1"]
[WhiteElo "1474"]
[BlackElo "1681"]
[PlyCount "90"]
[EventDate "2025.05.11"]
[EventType "swiss"]
[EventRounds "9"]
[EventCountry "SVK"]
[SourceTitle "CB21_2025"]
[SourceDate "2025.05.21"]
[SourceVersion "1"]
[SourceVersionDate "2025.05.21"]
[SourceQuality "1"]

1. e4 c5 2. Nf3 d6 3. Nc3 Nf6 4. Bc4 e6 5. 0-0 Nc6 6. Re1 Be7 7. d4 cxd4 8. Nxd4 0-0 9. Be3 Nxd4 10. Bxd4 b6 11. Qf3 Bb7 12. Qg3 e5 13. Be3 Qc8 14. Be2 Nxe4 15. Nxe4 Bxe4 16. Bh6 Bg6 17. Bd3 gxh6 18. h4 h5 19. f4 Qg4 20. Qxg4 hxg4 21. f5 Bh5 22. g3 f6 23. Re4 d5 24. Ra4 e4 25. Be2 Be8 26. Rd4 Bc5 27. c3 Bxd4+ 28. cxd4 h5 29. Rc1 Bd7 30. Rf1 Rac8 31. Bd1 Rc4 32. Rf2 Rxd4 33. Bb3 Ba4 34. Bxa4 Rxa4 35. a3 Rc8 36. Kg2 e3 37. Rf1 Rc2+ 38. Kg1 Rac4 39. Re1 Rc1 40. Kf1 Rxe1+ 41. Kxe1 Rc2 42. Kd1 Rh2 43. Ke1 d4 44. b4 d3 45. b5 Rh1# 0-1

[Event "SVK-ch U14"]
[Site "Tatralandia"]
[Date "2025.05.16"]
[Round "7"]
[White "Priscak, Richard"]
[Black "Binovec, Lukas"]
[Result "1-0"]
[WhiteElo "1545"]
[BlackElo "1681"]
[PlyCount "99"]
[EventDate "2025.05.11"]
[EventType "swiss"]
[EventRounds "9"]
[EventCountry "SVK"]
[SourceTitle "CB21_2025"]
[SourceDate "2025.05.21"]
[SourceVersion "1"]
[SourceVersionDate "2025.05.21"]
[SourceQuality "1"]

1. e4 c5 2. Nf3 d6 3. Nc3 Nf6 4. Bc4 e6 5. d3 Nc6 6. 0-0 Be7 7. Bd2 0-0 8. Re1 a6 9. a4 Bd7 10. h3 Qc7 11. Be3 Nb4 12. Bb3 e5 13. Nd5 Nbxd5 14. exd5 b5 15. axb5 axb5 16. Qe2 Qb7 17. c3 Nxd5 18. Bxd5 Qxd5 19. c4 Qb7 20. b3 Bf6 21. Rxa8 Rxa8 22. Bg5 Bxg5 23. Nxg5 h6 24. Ne4 Qb6 25. Qf3 Ra3 26. Nf6+ gxf6 27. Qxf6 Ra6 28. Re3 d5 29. Qe7 Qe6 30. Rg3+ Kh7 31. Qf8 Qg6 32. Rxg6 Rxg6 33. Qxf7+ Rg7 34. Qxd5 Bxh3 35. g3 bxc4 36. Qe4+ Rg6 37. bxc4 Bc8 38. Qxe5 Bb7 39. Qc7+ Rg7 40. Qxc5 Ba8 41. d4 Rb7 42. d5 Kg7 43. Qc8 Ra7 44. Kh2 Ra2 45. Qf5 Kg8 46. c5 Ra1 47. c6 Ra7 48. Qg6+ Kf8 49. Qxh6+ Ke8 50. Qh8+ 1-0

[Event "SVK-ch U14"]
[Site "Tatralandia"]
[Date "2025.05.13"]
[Round "3"]
[White "Hryshko, Herman"]
[Black "Binovec, Lukas"]
[Result "0-1"]
[WhiteElo "1582"]
[BlackElo "1681"]
[PlyCount "156"]
[EventDate "2025.05.11"]
[EventType "swiss"]
[EventRounds "9"]
[EventCountry "SVK"]
[SourceTitle "CB21_2025"]
[SourceDate "2025.05.21"]
[SourceVersion "1"]
[SourceVersionDate "2025.05.21"]
[SourceQuality "1"]

1. e4 c5 2. Bc4 d6 3. Nc3 Nf6 4. h3 g6 5. d3 Bg7 6. Nf3 0-0 7. Be3 Nc6 8. Qd2 a6 9. Bh6 Bd7 10. Bxg7 Kxg7 11. Nd5 e6 12. Ne3 Re8 13. 0-0-0 b5 14. Bb3 a5 15. c4 b4 16. Ba4 Na7 17. Qc2 Nc8 18. e5 dxe5 19. Nxe5 Bxa4 20. Qxa4 Nb6 21. Qb5 Qc7 22. f4 Nh5 23. Rhf1 Red8 24. Qc6 Qxc6 25. Nxc6 Rd6 26. Ne5 Rad8 27. Kc2 Nd7 28. Nxd7 R6xd7 29. g4 Nf6 30. f5 exf5 31. gxf5 Re7 32. Rf3 a4 33. fxg6 hxg6 34. b3 axb3+ 35. axb3 Ra7 36. Rb1 Rad7 37. Rbf1 Rd6 38. Ng4 Nxg4 39. hxg4 R8d7 40. Re1 Ra6 41. Rb1 Rf6 42. Rbf1 Rxf3 43. Rxf3 Kh6 44. Kd2 Kg5 45. Rg3 Rd4 46. Ke3 Kh4 47. Rg1 g5 48. Rg2 Rxg4 49. Rxg4+ Kxg4 50. d4 cxd4+ 51. Kxd4 Kf3 52. c5 g4 53. c6 g3 54. c7 g2 55. Ke5 g1Q 56. c8Q Qg3+ 57. Kd5 Qg5+ 58. Kd4 Qg4+ 59. Qxg4+ Kxg4 60. Kc4 f5 61. Kxb4 f4 62. Ka5 f3 63. b4 f2 64. b5 f1Q 65. b6 Qf5+ 66. Ka6 Qe6 67. Ka7 Qa2+ 68. Kb7 Kf5 69. Kc7 Qc4+ 70. Kd7 Qd5+ 71. Kc7 Qc5+ 72. Kb7 Ke6 73. Ka8 Qa5+ 74. Kb7 Kd7 75. Kb8 Qxb6+ 76. Ka8 Qb1 77. Ka7 Kc7 78. Ka8 Qb7# 0-1

[Event "SVK-ch U14"]
[Site "Tatralandia"]
[Date "2025.05.13"]
[Round "4"]
[White "Vanco, Simon"]
[Black "Binovec, Lukas"]
[Result "1-0"]
[WhiteElo "1594"]
[BlackElo "1681"]
[PlyCount "45"]
[EventDate "2025.05.11"]
[EventType "swiss"]
[EventRounds "9"]
[EventCountry "SVK"]
[SourceTitle "CB21_2025"]
[SourceDate "2025.05.21"]
[SourceVersion "1"]
[SourceVersionDate "2025.05.21"]
[SourceQuality "1"]

1. e4 c5 2. b3 d6 3. Bb2 Nf6 4. Nc3 Nc6 5. Bb5 Bd7 6. Bxc6 Bxc6 7. Qe2 e6 8. f4 Be7 9. Nf3 Qc7 10. 0-0-0 0-0-0 11. Rhe1 Rhe8 12. e5 Bxf3 13. Qxf3 Nd7 14. Nb5 Qa5 15. exd6 Qxb5 16. dxe7 Rxe7 17. Bxg7 f6 18. Bh6 Nb6 19. f5 e5 20. g4 Nd5 21. c4 Qb4 22. cxd5 e4 23. Qc3 1-0

[Event "SVK-chT U16 rapid"]
[Site "Poprad"]
[Date "2025.05.04"]
[Round "3.15"]
[White "Binovec, Lukas"]
[Black "Pauko, Sebastian"]
[Result "0-1"]
[WhiteElo "1598"]
[BlackElo "1614"]
[PlyCount "88"]
[EventDate "2025.05.04"]
[EventType "team-swiss (rapid)"]
[EventRounds "7"]
[EventCountry "SVK"]
[SourceTitle "CB19_2025"]
[SourceDate "2025.05.07"]
[SourceVersion "1"]
[SourceVersionDate "2025.05.07"]
[SourceQuality "1"]

1. e4 c6 2. Nf3 d5 3. Nc3 d4 4. Ne2 c5 5. c3 d3 6. Ng3 Nc6 7. c4 Nb4 8. Qa4+ Bd7 9. Qb3 Nc2+ 10. Kd1 Nxa1 11. Qc3 Nc2 12. Bxd3 Nd4 13. Nxd4 cxd4 14. Qb3 Bc6 15. c5 e6 16. Qc4 Nf6 17. f3 Nd7 18. b4 Ne5 19. Qb3 Nxd3 20. Qxd3 Ba4+ 21. Ke1 Be7 22. Bb2 e5 23. Ne2 a6 24. Qb1 d3 25. Nc3 Bc2 26. Qa1 0-0 27. Nd5 f6 28. a3 Bb3 29. Ne3 Qd7 30. h3 a5 31. Qc1 axb4 32. axb4 Qb5 33. Kf2 Qxb4 34. Bc3 Qxc5 35. g4 Qa3 36. Qf1 Bc5 37. Qxd3 Bxe3+ 38. Kxe3 Qc5+ 39. Ke2 Bc4 40. Qxc4+ Qxc4+ 41. Kf2 Qd3 42. h4 Ra2 43. h5 Qxc3 44. Kg3 Qxd2 0-1

[Event "SVK-chT U16 rapid"]
[Site "Poprad"]
[Date "2025.05.04"]
[Round "2.23"]
[White "Jancigova, Kristina Lara"]
[Black "Binovec, Lukas"]
[Result "1-0"]
[WhiteElo "1623"]
[BlackElo "1598"]
[PlyCount "107"]
[EventDate "2025.05.04"]
[EventType "team-swiss (rapid)"]
[EventRounds "7"]
[EventCountry "SVK"]
[SourceTitle "CB19_2025"]
[SourceDate "2025.05.07"]
[SourceVersion "1"]
[SourceVersionDate "2025.05.07"]
[SourceQuality "1"]

1. e4 c5 2. Nf3 d6 3. d4 cxd4 4. Nxd4 Nf6 5. Nc3 g6 6. Be3 Bg7 7. h3 0-0 8. Qd2 Nc6 9. 0-0-0 Bd7 10. Nxc6 bxc6 11. Bh6 Qb6 12. Bxg7 Kxg7 13. Bc4 Rab8 14. Bb3 c5 15. Nd5 Nxd5 16. Qxd5 Be6 17. Qd3 Bxb3 18. Qxb3 Qxb3 19. axb3 Rb4 20. f3 a5 21. Rd5 Ra8 22. Kd2 a4 23. Ra1 Rbb8 24. Kc3 axb3 25. Rxa8 Rxa8 26. Kxb3 Ra1 27. Rd2 Kf6 28. Kc3 Ke5 29. Kc4 Ra4+ 30. Kd3 Kf4 31. b3 Rd4+ 32. Kc3 Rxd2 33. Kxd2 Kg3 34. c3 Kxg2 35. b4 cxb4 36. cxb4 Kxh3 37. b5 Kg3 38. b6 h5 39. b7 h4 40. b8Q h3 41. Qb1 h2 42. Qe1+ Kg2 43. Qe2+ Kg3 44. Qf1 e6 45. Ke3 f5 46. exf5 gxf5 47. f4 e5 48. fxe5 dxe5 49. Qf3+ Kh4 50. Qf2+ Kh3 51. Qxf5+ Kg2 52. Qf3+ Kg1 53. Qf2+ Kh1 54. Qf1# 1-0

[Event "SVK-ch U14 rapid"]
[Site "Poprad"]
[Date "2025.05.03"]
[Round "7"]
[White "Binovec, Lukas"]
[Black "Mazag, Martin"]
[Result "0-1"]
[WhiteElo "1598"]
[BlackElo "1711"]
[PlyCount "76"]
[EventDate "2025.05.03"]
[EventType "swiss (rapid)"]
[EventRounds "7"]
[EventCountry "SVK"]
[SourceTitle "CB19_2025"]
[SourceDate "2025.05.07"]
[SourceVersion "1"]
[SourceVersionDate "2025.05.07"]
[SourceQuality "1"]

1. e4 c5 2. c3 Nf6 3. e5 Nd5 4. d4 cxd4 5. Nf3 e6 6. cxd4 Nc6 7. Nc3 d6 8. Bd3 dxe5 9. Nxd5 Qxd5 10. Qe2 Bb4+ 11. Kf1 exd4 12. Bf4 0-0 13. Bxh7+ Kxh7 14. Ng5+ Kg8 15. Qh5 Qb5+ 16. Kg1 Qf5 17. g4 Qg6 18. Qh3 e5 19. Bc1 f6 20. Nf3 Qxg4+ 21. Qxg4 Bxg4 22. Nh4 Kf7 23. Kf1 g5 24. Ng2 Bh3 25. Rg1 d3 26. Bd2 Bxd2 27. Rd1 Ba5 28. Rxd3 Bxg2+ 29. Rxg2 Rad8 30. Rb3 Rd7 31. Rgg3 Rfd8 32. Rh3 Kg7 33. Rh5 Nd4 34. Rbh3 Nf5 35. Kg2 Nh4+ 36. Kg3 Rd3+ 37. Kg4 R8d4+ 38. f4 Rxf4# 0-1

[Event "SVK-ch U14 rapid"]
[Site "Poprad"]
[Date "2025.05.03"]
[Round "5"]
[White "Boba, Kristian"]
[Black "Binovec, Lukas"]
[Result "0-1"]
[WhiteElo "1934"]
[BlackElo "1598"]
[PlyCount "42"]
[EventDate "2025.05.03"]
[EventType "swiss (rapid)"]
[EventRounds "7"]
[EventCountry "SVK"]
[SourceTitle "CB19_2025"]
[SourceDate "2025.05.07"]
[SourceVersion "1"]
[SourceVersionDate "2025.05.07"]
[SourceQuality "1"]

1. d4 c5 2. Nf3 cxd4 3. Nxd4 g6 4. Bf4 Bg7 5. Bxb8 Rxb8 6. c3 Nf6 7. e3 0-0 8. Bd3 b6 9. 0-0 Bb7 10. Nd2 d5 11. Rb1 e5 12. Ne2 Qd6 13. f3 Rfd8 14. Ng3 e4 15. Bc2 exf3 16. Nxf3 Ng4 17. Re1 h5 18. e4 Qc5+ 19. Nd4 dxe4 20. Bxe4 Bxd4+ 21. cxd4 Rxd4 0-1

[Event "Piestany Slovakia op-B"]
[Site "Piestany"]
[Date "2024.07.13"]
[Round "5"]
[White "Matuska, Marek"]
[Black "Binovec, Lukas"]
[Result "0-1"]
[WhiteElo "1000"]
[BlackElo "1318"]
[PlyCount "112"]
[EventDate "2024.07.09"]
[EventType "swiss"]
[EventRounds "9"]
[EventCountry "SVK"]
[SourceTitle "EXT 2025"]
[Source "ChessBase"]
[SourceDate "2024.10.14"]
[SourceVersion "1"]
[SourceVersionDate "2024.10.14"]
[SourceQuality "1"]

1. e3 d5 2. Nc3 Nf6 3. Nf3 g6 4. Bb5+ Bd7 5. Qe2 Bg7 6. 0-0 0-0 7. d3 Bxb5 8. Nxb5 c5 9. Nc3 Nc6 10. d4 cxd4 11. exd4 h6 12. Be3 a6 13. Qd2 Kh7 14. a3 Qd6 15. g3 Rac8 16. Bf4 Qd7 17. Rfe1 Qh3 18. Qe2 Rfe8 19. Qf1 Qxf1+ 20. Rxf1 Ne4 21. Rfe1 Nxc3 22. bxc3 Na5 23. Rab1 b5 24. Bd6 exd6 25. Rxe8 Rxe8 26. Re1 Rxe1+ 27. Nxe1 Nc4 28. Nd3 a5 29. Nc1 Nxa3 30. Nb3 b4 31. cxb4 axb4 32. c3 bxc3 33. Kg2 c2 34. Kg1 Bxd4 35. Kg2 Bb2 36. g4 c1Q 37. Nxc1 Bxc1 38. f3 Kg7 39. h3 Kf6 40. Kf1 Ke5 41. Kg2 d4 42. Kf2 Kf4 43. Ke2 Kg3 44. Kd1 Be3 45. Ke2 Kxh3 46. Kd3 h5 47. gxh5 gxh5 48. f4 Bxf4 49. Kxd4 Kg3 50. Kd5 h4 51. Ke4 h3 52. Kf5 h2 53. Kf6 h1Q 54. Kxf7 Qh6 55. Ke7 d5 56. Ke8 Qh7 0-1

[Event "Piestany Slovakia op-B"]
[Site "Piestany"]
[Date "2024.07.10"]
[Round "2"]
[White "Binovec, Lukas"]
[Black "Sajtlava, Igor"]
[Result "0-1"]
[WhiteElo "1318"]
[BlackElo "1731"]
[PlyCount "108"]
[EventDate "2024.07.09"]
[EventType "swiss"]
[EventRounds "9"]
[EventCountry "SVK"]
[SourceTitle "EXT 2025"]
[Source "ChessBase"]
[SourceDate "2024.10.14"]
[SourceVersion "1"]
[SourceVersionDate "2024.10.14"]
[SourceQuality "1"]

1. d4 d5 2. c4 e6 3. Nc3 Nf6 4. Bg5 Be7 5. e3 0-0 6. Nf3 h6 7. Bh4 b6 8. Bd3 dxc4 9. Bxc4 Bb7 10. 0-0 Nbd7 11. Rc1 c5 12. Bd3 cxd4 13. exd4 Nd5 14. Bxe7 Qxe7 15. Nxd5 Bxd5 16. b3 Nf6 17. Re1 Rac8 18. Ne5 Qb7 19. f3 Rxc1 20. Qxc1 Rc8 21. Qd2 Qc7 22. Bc4 Bxc4 23. bxc4 Nd7 24. Nxd7 Qxd7 25. Qd3 Qa4 26. d5 Qxc4 27. Qxc4 Rxc4 28. dxe6 fxe6 29. Rxe6 Kf7 30. Re4 Rxe4 31. fxe4 Ke6 32. Kf2 Ke5 33. Ke3 b5 34. a3 a5 35. Kd3 g5 36. g4 b4 37. a4 b3 38. Kc3 Kxe4 39. Kxb3 Kd4 40. h3 Kd3 41. Kb2 Kc4 42. Ka3 Kc3 43. Ka2 Kb4 44. Kb2 Kxa4 45. Ka2 Kb4 46. Kb2 Kc4 47. Ka3 Kd4 48. Ka4 Ke4 49. Kxa5 Kf3 50. Kb5 Kg3 51. Kc5 Kxh3 52. Kd5 Kxg4 53. Ke5 Kf3 54. Kf5 g4 0-1

[Event "Piestany Slovakia op-B"]
[Site "Piestany"]
[Date "2024.07.09"]
[Round "1"]
[White "Kollarik, Gorazd"]
[Black "Binovec, Lukas"]
[Result "1-0"]
[WhiteElo "1804"]
[BlackElo "1318"]
[PlyCount "81"]
[EventDate "2024.07.09"]
[EventType "swiss"]
[EventRounds "9"]
[EventCountry "SVK"]
[SourceTitle "EXT 2025"]
[Source "ChessBase"]
[SourceDate "2024.10.14"]
[SourceVersion "1"]
[SourceVersionDate "2024.10.14"]
[SourceQuality "1"]

1. e4 d6 2. d4 Nf6 3. Nc3 g6 4. Be3 Bg7 5. Qd2 Ng4 6. 0-0-0 Nxe3 7. Qxe3 0-0 8. Bc4 c6 9. Bb3 Nd7 10. h4 Nf6 11. f3 Be6 12. g4 Bxb3 13. cxb3 b5 14. Rh2 Qb6 15. Re2 a5 16. Kb1 a4 17. b4 a3 18. b3 Rfc8 19. Nh3 e6 20. Nf2 c5 21. dxc5 dxc5 22. bxc5 Qxc5 23. Qxc5 Rxc5 24. Rc1 Nd7 25. Ncd1 Rxc1+ 26. Kxc1 Bb2+ 27. Nxb2 axb2+ 28. Kxb2 b4 29. Nd3 Rb8 30. Rc2 f5 31. exf5 exf5 32. Rc4 Re8 33. gxf5 gxf5 34. Nxb4 Re3 35. Rf4 Re2+ 36. Kc3 Rh2 37. a4 Nb6 38. a5 Na8 39. a6 Kf7 40. Rxf5+ Ke7 41. Rh5 1-0